000 00813nam a2200217 u 4500
001 000250830
003 AM-YeHGA
005 20250617125022.0
008 030729s1990 ||| r 000 0 rus d
020 _a5280010340
040 _aAM-YeHGA
100 1 _aСтаросельская, Наталья Давидовна
245 1 0 _aРоман И.А. Гончарова "Обрыв" /
_cНаталья Старосельская.
260 _aМосква :
_bХудож. лит,
_c1990.
300 _a224 с. :
_bпортр.
440 0 _aМассовая историко-литературная библиотека
504 _aБиблиогр. : с. 223
600 1 4 _aГончаров, Иван Александрович
653 0 _aРусская литература - 19 в.
090 _c91136
999 _c89847
_d89847